All sonic gamecube games - Statistics

General Stats
  • This quiz has been taken 23 times
  • The average score is 5 of 8
Answer Stats
Answer % Correct
Sonic heroes
100%
Shadow the hedgehog
80%
Sonic adventure 2 battle
70%
Sonic mega collection
70%
Sonic adventure dx director's cut
60%
Sonic riders
60%
Sonic gems collection
50%
Sonic adventure 2 pack
20%
No matching quizzes found
Score Distribution
Percent of People with Each Score
Percentile by Number Answered
Your Score History
You have not taken this quiz